02013nam a2200265Ia 450000500170000000800410001702000150005804100080007310000330008124501210011425000220023526400330025730000330029033600270032333700330035033800280038349000230041152010970043465000460153165000460157770000540162370000230167704000350170008400120173520220316235339.0121119s2001 ck a gr 000 j spa  a95830033361 aspa1 aTolstoi, León,d1828-1910 13aEl león y el perrito y otros cuentoscLeón Tolstoi ; traducido por Francisco Montaña I. ; ilustrado por Alekos aSegunda edición 1aBogotábPanamericanac2001 a180 páginasbilustraciones atextobtxt2rdacontent asin mediaciónbn2rdamedia avolumenbnc2rdacarrier0 aCajón de cuentos3 aEn un jardín zoológico de Londres, se mostraban las fieras al público a cambio de dinero o de perros y gatos que servían para alimentarlas. Una persona que deseaba verlas, y no poseía dinero para pagar la entrada, cogió al primer perro callejero que encontró y lo llevó a la Casa de Fieras. Le dejaron pasar e inmediatamente echaron al perro a la jaula del león para que éste se lo comiera. El perro asustado se quedó en un rincón de la jaula, observando al león, que se acercó para olfatearlo. El perro se puso patas arriba y empezó a menear la cola. El león le tocó ligeramente con la pata y el perro se levantó, sentándose sobre sus patas traseras. El león iba examinándolo por todas partes, moviendo su enorme cabeza pero sin hacerle el menor daño. Al ver que el león no comía al perro, el guardián de la jaula le echó un pedazo de carne. El león cogió un trozo y se lo dio al perro. Al llegar la noche, el león se echó en el suelo para dormir y el perro se acomodó a su lado, colocando la cabeza sobre la pata de la fiera... 142LEMBaLiteratura infantil rusaySiglo XIX142LEMBaCuentos infantiles rusosySiglo XIX1 aMontaña Ibáñez, Franciscod1966-etraductor0 aAlekoseilustrador aCO-BoRNBPbspaerdacCO-BoRNBP aC TOL1